| 000 | 00983nam a2200265 4500 | ||
|---|---|---|---|
| 008 | |||
| 090 | _aPN1996REI | ||
| 100 | 1 | _aReisz, Karel. | |
| 245 | 1 | 4 |
_aThe technique of film editing. _cWritten and compiled by Karel Reisz and Gavin Miller, with the guidance of the following committee appointed by the British Film Academy: Thorold Dickinson, chairman [and others] Introduced by Thorold Dickinson. |
| 250 | _a2nd ed. | ||
| 260 |
_aOxford : _bFocal Press, _cc1968. |
||
| 300 |
_a411 p. : _bill. ; _c24 cm. |
||
| 440 | _aCommunication arts books. | ||
| 500 | _aThe Library of communication techniques. | ||
| 504 | _aIncludes bibliographical references. | ||
| 650 | 0 |
_aMotion pictures _xEditing. |
|
| 700 | 1 |
_aMiller, Gavin, _ejoint author. |
|
| 710 | 2 | _aBritish Film Academy. | |
| 907 |
_a.b10166968 _b15-12-05 _c04-07-05 |
||
| 003 | |||
| 005 | 20230123134028.0 | ||
| 040 | _cNUST | ||
| 049 | _aMAIN | ||
| 942 |
_cBOOKS _kPN1996REI |
||
| 999 |
_c158772 _d158772 |
||